<?xml version="1.0" encoding="UTF-8"?>
<record
    xmlns:xsi="http://www.w3.org/2001/XMLSchema-instance"
    xsi:schemaLocation="http://www.loc.gov/MARC21/slim http://www.loc.gov/standards/marcxml/schema/MARC21slim.xsd"
    xmlns="http://www.loc.gov/MARC21/slim">

  <leader>00880nam a2200229 i 4500</leader>
  <controlfield tag="001">77945</controlfield>
  <controlfield tag="003">ES-MaACL</controlfield>
  <controlfield tag="005">20250819055200.0</controlfield>
  <controlfield tag="008">041116s1929    sp           |||| | spa d</controlfield>
  <datafield tag="080" ind1=" " ind2=" ">
    <subfield code="a">32 Camb&#xF3;, Francesc</subfield>
  </datafield>
  <datafield tag="100" ind1="1" ind2=" ">
    <subfield code="a">Centellas, Capit&#xE1;n </subfield>
    <subfield code="c">Seud. de Gonzalo Chapela y Blanco.</subfield>
    <subfield code="9">160208</subfield>
  </datafield>
  <datafield tag="245" ind1="1" ind2="4">
    <subfield code="a">Las dictaduras y el se&#xF1;or Camb&#xF3; / </subfield>
    <subfield code="c">El Capit&#xE1;n Centellas [seud.] ; nota editorial de Pedro Luis de G&#xE1;lvez.</subfield>
  </datafield>
  <datafield tag="260" ind1=" " ind2=" ">
    <subfield code="a">Madrid : </subfield>
    <subfield code="b">Ed. Rub&#xE9;n Dar&#xED;o, </subfield>
    <subfield code="c">[1929?] (</subfield>
    <subfield code="f">Imp. de Galo S&#xE1;ez)</subfield>
  </datafield>
  <datafield tag="300" ind1=" " ind2=" ">
    <subfield code="a">184 p. ; </subfield>
    <subfield code="c">19 cm.</subfield>
  </datafield>
  <datafield tag="500" ind1=" " ind2=" ">
    <subfield code="a">Ejemplar falto de portada.</subfield>
  </datafield>
  <datafield tag="594" ind1=" " ind2=" ">
    <subfield code="a">Capit&#xE1;n Centellas es seud&#xF3;nimo de Gonzalo Chapela y Blanco.</subfield>
  </datafield>
  <datafield tag="600" ind1="1" ind2="4">
    <subfield code="a">Camb&#xF3;, Francesc,</subfield>
    <subfield code="d">1876-1947</subfield>
    <subfield code="9">34032</subfield>
  </datafield>
  <datafield tag="650" ind1=" " ind2="7">
    <subfield code="a">Dictadura</subfield>
    <subfield code="2">embne</subfield>
    <subfield code="9">144385</subfield>
  </datafield>
  <datafield tag="700" ind1="1" ind2=" ">
    <subfield code="a">G&#xE1;lvez, Pedro Luis de,</subfield>
    <subfield code="d">1882-1940</subfield>
    <subfield code="9">53712</subfield>
  </datafield>
  <datafield tag="852" ind1=" " ind2=" ">
    <subfield code="a">ES-MaACL</subfield>
    <subfield code="j">E-10399</subfield>
  </datafield>
  <datafield tag="999" ind1=" " ind2=" ">
    <subfield code="c">77945</subfield>
    <subfield code="d">77945</subfield>
  </datafield>
  <datafield tag="952" ind1=" " ind2=" ">
    <subfield code="0">0</subfield>
    <subfield code="1">0</subfield>
    <subfield code="4">0</subfield>
    <subfield code="7">0</subfield>
    <subfield code="a">ATENEOM</subfield>
    <subfield code="b">ATENEOM</subfield>
    <subfield code="c">DEPO2</subfield>
    <subfield code="d">2008-01-17</subfield>
    <subfield code="e">SC</subfield>
    <subfield code="l">0</subfield>
    <subfield code="o">E-10399</subfield>
    <subfield code="p">1081541</subfield>
    <subfield code="r">2023-02-23 00:00:00</subfield>
    <subfield code="w">2023-02-23</subfield>
    <subfield code="y">MONOGRAFIA</subfield>
  </datafield>
</record>
